Normal view
MARC view
Entry Personal Name
001 - CONTROL NUMBER
- control field: 1236217
003 - CONTROL NUMBER IDENTIFIER
- control field: OSt
005 - DATE AND TIME OF LATEST TRANSACTION
- control field: 20260430150023.0
008 - FIXED-LENGTH DATA ELEMENTS
- fixed length control field: 260430|| aca||aabn | a|a d
040 ## - CATALOGING SOURCE
- Original cataloging agency: OSt
- Transcribing agency: OSt
100 ## - HEADING--PERSONAL NAME
- Personal name: Norjvanchig Munkhtuul Au.; Soreng Eric Gu
670 ## - SOURCE DATA FOUND
- Source citation: Work cat.: (OSt)1848746: Norjvanchig Munkhtuul Au.; Soreng Eric Gu., Symbol of transcendence: jungian study on mongolian Shamanism, 2021
